Представление документа в формате RUSMARC

ПолеНазваниеЗначение
  Тип записи a
  Библиографический уровень m
001 Контрольный номер RU/IS/BASE/406890942
005 Дата корректировки 20201206204841.3
010 Индекс ISBN __
a ISBN 978-5-699-36709-2
d Цена 313-85
101 Язык документа 0_
a Язык текста rus
200 Заглавие и сведения об ответственности 1_
a Заглавие 365 рецептов блюд из капусты
f Первые сведения об ответственности [отв. ред. А. С. Братушева]
b Общее обозначение материала Текст
210 Выходные данные __
a Место издания М.
c Издательство Эксмо
d Дата издания 2009
215 Физическое описание __
a Объем 126 с.
c Иллюстрации/тип воспроизводства цв. ил.
d Формат 27
330 Аннотация __
a Аннотация 365 рецептов блюд из капусты. Ни для кого не секрет, что овощи очень полезны для здоровья. А самым доступным и полезным овощем можно по праву назвать капусту. Из нее можно приготовить огромное количество блюд, как простых, так и изысканных.
517 Другие варианты заглавия __
a Другие варианты заглавия Триста шестьдесят пять рецептов блюд из капусты
606 Тематические рубрики __
a Основная рубрика Пищевые производства
606 Тематические рубрики __
a Основная рубрика Общие вопросы пищевых производств
610 Ключевые слова __
a Ключевые слова блюда из капусты; рецепты из капусты; капуста; кулинарные рецепты
686 Индексы других классификаций __
a Классификационный индекс 36.992; ст36.992
702 Вторичная интеллектуальная ответственность _1
a Фамилия Братушева
b Имя А. С.
4 Код отношения Редактор
4 Код отношения 340
801 Источник записи _0
a Страна RU
b Организация Муниципальное бюджетное учреждение культуры "Централизованная библиотечная система" г. Сургут (Центральная городская библиотека им. А. С. Пушкина)
801 Источник записи _1
a Страна RU
b Организация Муниципальное бюджетное учреждение культуры "Централизованная библиотечная система" г. Сургут (Центральная городская библиотека им. А. С. Пушкина)
852 Данные о местонахождении __
j Шифр хранения 36.992
i Авторский знак Т 68
901 Тип документа __
t Тип документа m
903 Характеристики (МАРС) __
a Дата передачи 20121121
990 Данные о заказе (DOS) __
j Количество экземпляров (DOS) 6
t N записи в КСУ для И/У (DOS) 201211